Quiero Decirte - Abraham Mateo, Ana Mena - Estadísticas

Estadísticas generales
  • Esta prueba ha sido intentada 129 veces
  • La puntuación promedio es 293 de 359
Estadísticas de respuestas
Letra % Correcto
a
100%
de
100%
100%
decirte
100%
me
100%
que
100%
Que
100%
qué
100%
Quiero
100%
quiero
100%
te
100%
Te
100%
echo
98%
menos
98%
pa
98%
Pa
98%
lo
96%
no
96%
No
96%
to
96%
arrepiento
94%
ha
94%
siento
92%
toda
92%
todavía
92%
Y
92%
y
92%
yo
90%
pasao
88%
di
87%
nena
83%
perdí
83%
por
83%
perdida
79%
es
77%
Es
77%
pienses
77%
tu
77%
77%
amor
75%
cuenta
69%
La
69%
todo
69%
estás
67%
más
67%
nene
67%
tan
67%
ahora
65%
aquí
65%
tarde
65%
un
65%
verte
65%
ya
65%
da
63%
en
63%
Pero
63%
sea
63%
otro
62%
recuperarte
62%
casa
60%
día
60%
masoquista
60%
sigo
60%
como
58%
loca
58%
los
58%
perdido
58%
plan
58%
infierno
56%
mi
56%
Simplemente
56%
recuerdos
54%
planeando
52%
Puede
52%
tal
52%
cual
50%
dejé
48%
ti
48%
loco
46%
le
42%
humedad
40%
Ojalá
38%
puedo
38%
instante
37%
Queman
37%
segundo
37%
Aquel
35%
baby?
35%
cada
35%
mentir
35%
poder
35%
quieres
35%
respirar
35%
voy
35%
aún
33%
haga
33%
Na
33%
tirar
33%
Cuando
31%
mente
31%
otra
31%
recordar
31%
empiezo
29%
oportunidad
29%
resetear
27%
dame
25%
punto
25%
llego
23%
porfa
23%
delante
19%
Venga
19%
inundo
17%
No se encontraron pruebas coincidentes
Distribución de puntuación
Porcentaje de gente con cada puntuación
Porcentaje por número respondido
Historial de tus puntuaciones
No has intentado esta prueba.